000
00314nam a2200109Ia 4500
008
200302s9999 xx 000 0 und d
100
_a
Elizabeth Durst & Denise Bratton (Eds)
245
_a
Symphony- Frank Gehry's Walt Disney Concert Hall
260
_b
Five ties Publishing, New York
260
_c
2009
300
_a
173
999
_c
4478
_d
4478